O passeio do papagaio de papel (Registo nº 6064)
[ vista simples ]
| 000 -Etiqueta do registo | |
|---|---|
| Valores | 00707nam a2200241 4500 |
| 010 ## - Número ISBN | |
| ISBN | 9722104330 |
| 100 ## - Dados gerais de processamento | |
| Dados gerais | 20211231d1989 m||y0pory5003 ba |
| 200 1# - Titulo e menção de responsabilidade | |
| Título próprio | O passeio do papagaio de papel |
| Primeira menção de responsabilidade | Jaqueline Loumaye |
| Outras menções de responsabilidade | Pascale Meert |
| -- | António Pescada |
| 210 ## - Publicação | |
| Local de publicação | Lisboa |
| Nome do editor | Caminho |
| Data de publicação | 1989 |
| 215 ## - Descrição física | |
| Paginação / Volumes | [24] p. |
| Outras indicações físicas | il. |
| Dimensões | 25 cm |
| 225 2# - Colecção | |
| Título próprio da colecção | Começo a ler |
| 606 ## - Nome comum usado como assunto | |
| ID Autoridade | 14 |
| Palavra de ordem | Literatura infantil |
| 606 ## - Nome comum usado como assunto | |
| ID Autoridade | 13 |
| Palavra de ordem | Literatura Estrangeira |
| 675 ## - CDU | |
| Notação | 82-93 |
| Edição | BN |
| Língua | por |
| 675 ## - CDU | |
| Notação | 821.1/.8 |
| Edição | BN |
| Língua | por |
| 700 ## - Autor principal (pessoa individual) | |
| Apelido | Loumaye |
| Nome | Jacqueline |
| ID Autoridade | 5770 |
| 702 ## - Autor secundário (pessoa individual) | |
| Apelido | Meert |
| Nome | Pascale |
| ID Autoridade | 5771 |
| 702 ## - Autor secundário (pessoa individual) | |
| Apelido | Pescada |
| Nome | António |
| ID Autoridade | 1181 |
| 801 #0 - Fonte de origem | |
| País | PT |
| Agência | BMVN |
| Regras de catalogação | RPC |
| 830 ## - Notas gerais do catalogador | |
| Criado por | Ana Caetano |
| Data de criação | 31/12/2021 |
| 990 ## - Elementos KOHA | |
| Tipo de documento | Livro |
| Situação do levantamento | Biblioteca de origem | Código de barras | Cota | Permissão de empréstimo | Tipo de documento | Forma de aquisição |
|---|---|---|---|---|---|---|
| Biblioteca Municipal de Vendas Novas | 100000015131 | LI EST/LOU | Livro |